000 00677am a2200253a 44500
005 20260427162203.0
008 150721b1993 xxu||||| |||| 00| 0 spa d
020 _a9977647038
041 _aEspañol
082 _a371.260.13 H557a
100 _aHernández Poveda, Rose Mary
_92418
245 _aAprendamos a elaborar exámenes escritos
260 _aCosta Rica
260 _bEUNED
260 _c1993
300 _a112 páginas
490 _aTemática General
650 _aCOSTA RICA
650 _aEXÁMENES ESCRITOS
650 _aCLASIFICACIÓN DE ÍTEMES
650 _aÍTEMES DE RESPUESTA ABIERTA
650 _aÍTEMES DE RESPUESTA CERRADA
942 _cBK
_2ddc
999 _c154
_d154